Catálogo
 En Linea

Juan Bobo y otros cuentos folklóricos dominicanos / (Registro nro. 29043)

Detalles MARC
000 -CABECERA
campo de control de longitud fija 01056nam a2200277 i 4500
001 - NÚMERO DE CONTROL
campo de control 000029551
003 - IDENTIFICADOR DEL NÚMERO DE CONTROL
campo de control DO-SdBNP
005 - FECHA Y HORA DE LA ÚLTIMA TRANSACCIÓN
campo de control 20240305130541.0
007 - CAMPO FIJO DE DESCRIPCIÓN FÍSICA--INFORMACIÓN GENERAL
campo de control de longitud fija ta
008 - DATOS DE LONGITUD FIJA--INFORMACIÓN GENERAL
campo de control de longitud fija 110401s1977 dr a 000 j spa d
040 ## - FUENTE DE LA CATALOGACIÓN
Centro catalogador/agencia de origen DO-SdBNP
Lengua de catalogación spa
Centro/agencia transcriptor BNPHU
Normas de descripción rda
082 #4 - NÚMERO DE LA CLASIFICACIÓN DECIMAL DEWEY
Número de clasificación RD863.44
Número de documento/Ítem T231j
Número de edición 22
245 00 - MENCIÓN DE TÍTULO
Título Juan Bobo y otros cuentos folklóricos dominicanos /
Mención de responsabilidad, etc. selección y adaptación : Juan Tomás Tavares K. ; ilustración de Fausto Ferreres.
264 ## - PRODUCCIÓN, PUBLICACIÓN, DISTRIBUCIÓN, FABRICACIÓN Y COPYRIGHT
Producción, publicación, distribución, fabricación y copyright Santo Domingo :
Nombre del de productor, editor, distribuidor, fabricante Sociedad Dominicana de Bibliófilos,
Fecha de producción, publicación, distribución, fabricación o copyright 1977.
300 ## - DESCRIPCIÓN FÍSICA
Extensión 51 páginas :
Otras características físicas ilustraciones ;
Dimensiones 23 cm.
336 ## - TIPO DE CONTENIDO
Término de tipo de contenido texto
Código de tipo de contenido txt
Fuente rdacontent
337 ## - TIPO DE MEDIO
Nombre/término del tipo de medio sin mediación
Código del tipo de medio n
Fuente rdamedia
338 ## - TIPO DE SOPORTE
Nombre/término del tipo de soporte volumen
Código del tipo de soporte nc
Fuente rdacarrier
590 ## - NOTA LOCAL (RLIN)
Nota local Inventariado, 2023 /LP
650 #4 - PUNTO DE ACCESO ADICIONAL DE MATERIA--TÉRMINO DE MATERIA
Término de materia o nombre geográfico como elemento de entrada Cuentos populares dominicanos
9 (RLIN) 83817
650 #4 - PUNTO DE ACCESO ADICIONAL DE MATERIA--TÉRMINO DE MATERIA
Término de materia o nombre geográfico como elemento de entrada Literatura folclórica dominicana
9 (RLIN) 26923
700 1# - PUNTO DE ACCESO ADICIONAL--NOMBRE DE PERSONA
Nombre de persona Tavares K., Juan Tomás,
Fechas asociadas al nombre 1953-
Término indicativo de función/relación selección y adaptación
9 (RLIN) 48925
700 1# - PUNTO DE ACCESO ADICIONAL--NOMBRE DE PERSONA
Nombre de persona Ferreres, Fausto,
Término indicativo de función/relación ilustraciónes
9 (RLIN) 56388
910 ## - DATOS DE OPCIÓN DEL USUARIO (OCLC)
Datos de opción del usuario LP/Validado. Control de calidad MFF
942 ## - ELEMENTOS DE PUNTO DE ACCESO ADICIONAL (KOHA)
Fuente del sistema de clasificación o colocación Dewey Decimal Classification
Tipo de ítem Koha Libro
Existencias
Estado de retiro Estado de pérdida Fuente del sistema de clasificación o colocación Restricciones de uso No para préstamo Código de colección Localización permanente Ubicación/localización actual Ubicación en estantería Fecha de adquisición Total de préstamos Signatura topográfica completa Código de barras Fecha visto por última vez Número de copia Precio válido a partir de Tipo de ítem Koha Fuente de adquisición Nota pública
    Dewey Decimal Classification Excluido de préstamo   Dominicana de Servicio Biblioteca Nacional Pedro Henríquez Ureña Biblioteca Nacional Pedro Henríquez Ureña Depósito 18.04.2011   BNPHU DS RD863.44 T231j 29551-30 25.06.2020 e. 3 25.06.2020 Libro    
    Dewey Decimal Classification Excluido de préstamo   Patrimonio Dominicano Biblioteca Nacional Pedro Henríquez Ureña Biblioteca Nacional Pedro Henríquez Ureña Depósito 18.04.2011   BNPHU PD RD863.44 T231j 29551-10 25.06.2020   25.06.2020 Libro    
    Dewey Decimal Classification Excluido de préstamo   Patrimonio Dominicano Biblioteca Nacional Pedro Henríquez Ureña Biblioteca Nacional Pedro Henríquez Ureña Depósito 18.04.2011   BNPHU PD RD863.44 T231j 29551-20 25.06.2020 e. 2 25.06.2020 Libro    
    Dewey Decimal Classification Préstamo en sala   Dominicana de Servicio Biblioteca Nacional Pedro Henríquez Ureña Biblioteca Nacional Pedro Henríquez Ureña Depósito 07.08.2023   BNPHU PD RD863.44 T231j 2023-5219 07.08.2023 e.4 07.08.2023 Libro    
    Dewey Decimal Classification   Excluido de préstamo   Biblioteca Nacional Pedro Henríquez Ureña Biblioteca Nacional Pedro Henríquez Ureña En catalogación 20.10.2014   BNPHU RD863.44 T231j 2023-7122 20.10.2023   20.10.2023 Libro Donación Perteneció a la biblioteca personal de Bárbara Suncar.

Con tecnología Koha